000 02143cam a22004214i 4500
003 PE-LiUPU
005 20250731173217.0
008 150625s r 000 0 d
035 _a(Sirsi) a33103
040 _aPE-LiUPU
_bspa
_cPE-LiUPU
_erda
082 0 4 _a225
_bM38
_221
100 1 _aMeinertz, Max,
_eautor.
245 1 0 _aTeología del Nuevo Testamento /
_cMax Meinertz.
264 1 _aMadrid :
_bEdiciones FAX,
_c1956.
300 _a690 páginas ;
_c24.5 cm.
336 _atext
_2rdacontent
337 _aunmediated
_2rdamedia
338 _avolume
_2rdacarrier
505 0 _aLas fuentes. -Juan el precursor. -El reino de Dios. -El que nos trae el reino de Dios. -La comunidad primitiva: La fecuendacion. -El redentor resucitado. -Los bienes salvificos. -Los medios y graciasn de la salvacion. La iglesia. -La vida cristiana segun las cartas de Santiago y San Judas. -El apostol San Pablo, San Pedro: Las fuentes. -LA persona de Pablo y los Presupuestos de su teologia. -El hombre ante la redencion. -El redentor, la idea de Dios. -La redencion. -La justificacion y la fe. -La nueva idea en Cristo y en el Espiritu. -La iglesia. -La etica. -La escatologia. -Pablo y Jesus. -La carta a los hebreos. -Las cartas de San Pedro. -Teologia JoanicaLA persona de Jesus y la escencia de Dios. -San Juan y el bien salvifico. -La relacion de San Juan con Jesus y con San Pablo. -El Apocalipsis. -La unidad de pa revelacion salvifica y la profesion de fe.
526 _aSEG42
526 _aSEG41
526 _aSEG40
526 _aSEG39
526 _aP94
526 _aP87
526 _aP86
526 _aP85
526 _aP77
526 _aP76
526 _aP35
630 _aBiblia.
_pN.T.
_xTEOLOGIA.
910 _a
942 _2ddc
_cBOOK
949 _a225 M38
_wDEWEY
_c1
_i37691
_lCCODEBUL1
_mBUL
_p00.00
_r0
_sY
_tBOOK
_u2015-06-25
_xBIBLIOTECA
_zUNKNOWN
_0COMPRA
_o.STAFF. Colección General
596 _a1
999 _a225 M38
_wDEWEY
_c40829
_i37691
_d40829
_f2021-11-11
_g5
_lCCODEBUL1
_mBUL
_q1
_r0
_sY
_tBOOK
_u2015-6-25
_xTEOLOGIA
_zUNKNOWN
_0COMPRA
_o.STAFF. Colección General
980 _81
_gALBERTO SANCHEZ Responsable de Automatización